| 000 | 00428nam a22001817a 4500 | ||
|---|---|---|---|
| 003 | MPLRDC | ||
| 005 | 20220104143107.0 | ||
| 008 | 210129b ||||| |||| 00| 0 eng d | ||
| 020 | _a7-03-000426-4 | ||
| 082 | _a350.7 XSF | ||
| 100 | _a夏树芳编著 | ||
| 245 |
_a地质旅行 _c |
||
| 250 | _a一版一刷 | ||
| 260 |
_a _b科学出版社 _c1988 |
||
| 300 | _b平 | ||
| 650 | _a地质学总论 | ||
| 942 |
_cBK _o350.7 XSF |
||
| 999 |
_c36559 _d36549 |
||